00331 a2200109 4500001001000000005001700010008004100027245004600068100002100114773006900135999001700204ART_1385020260410161911.0260409a 10aRelative deprivation and economic welfare1 aYitzhaki, Shlomo0 tEuropean economic reviewg- Vol. 17, NÂș 1 (ene. 1982)wREV13346 c26837d26837